书目信息 |
| 题名: |
废橡胶资源综合利用
|
|
| 作者: | 董诚春 编 | |
| 分册: | ||
| 出版信息: | 北京 化学工业出版社 2003.07 |
|
| 页数: | 500页 | |
| 开本: | 20cm | |
| 丛书名: | ||
| 单 册: | ||
| 中图分类: | X783.3 | |
| 科图分类: | ||
| 主题词: | 化学工业废物--废物处理 , 劳动?0 , 安全学 , 化学工业废物--废物综合利用 , 化学工业废物 , 化学废物 , 化学废物--废物处理 , 化学废物--废物综合利用 | |
| 电子资源: | ||
| ISBN: | 7-5025-4623-5 | |
| 000 | 00798nam0 2200277 45 | |
| 001 | 0331256364 | |
| 005 | 2003090208405612 | |
| 010 | @a7-5025-4623-5@dCNY 36.00 | |
| 100 | @a20030902d2003 km y0chiy0120 ea | |
| 101 | 0 | @achi |
| 102 | @aCN@b110000 | |
| 200 | 1 | @a废橡胶资源综合利用@AFei Xiang Jiao Zi Yuan Zong He Li Yong@f董诚春编@Fdong cheng chun bian |
| 210 | @a北京@c化学工业出版社@d2003.07 | |
| 215 | @a500页@d20cm | |
| 606 | 0 | @a化学工业废物@x废物处理 |
| 606 | 0 | @a劳动?0 |
| 606 | @a安全学 | |
| 606 | 0 | @a化学工业废物@x废物综合利用 |
| 606 | 0 | @a化学工业废物 |
| 606 | 0 | @a化学废物 |
| 606 | 0 | @a化学废物@x废物处理 |
| 606 | 0 | @a化学废物@x废物综合利用 |
| 690 | @aX783.3@v3 | |
| 701 | 0 | @a董诚春@Adong cheng chun@4编 |
| 801 | 0 | @aCN@bPFT@c20030902 |
| 905 | @a安徽大学@dX783.3@eD685 | |
| 废橡胶资源综合利用/董诚春编.-北京:化学工业出版社,2003.07 |
| 500页;20cm |
| ISBN 7-5025-4623-5:CNY 36.00 |
| ● |
| 相关链接 |
|
|
|
正题名:废橡胶资源综合利用
索取号:X783.3/D685
 
预约/预借
| 序号 | 登录号 | 条形码 | 馆藏地/架位号 | 状态 | 备注 |
| 1 | 390689 | 203906899 | 自科库501/501自科库 111排1列1层/ [索取号:X783.3/D685] | 在馆 | |
| 2 | 390690 | 203906906 | 自科库501/501自科库 111排1列1层/ [索取号:X783.3/D685] | 在馆 | |
| 3 | 390691 | 203906915 | 自科二线504/501自科库 111排1列1层/ [索取号:X783.3/D685] | 在馆 |